Statistics for Historical Geography

Click here to take the quiz!

General Stats

  • This quiz has been taken 256 times
  • The average score is 9 of 15

Answer Stats

HintAnswer% Correct
New AmsterdamNew York
89%
BombayMumbai
81%
GaulFrance
79%
LenningradSt Petersburg
75%
AbyssiniaEthiopia
73%
ByzantiumIstanbul
71%
ZaireCongo
70%
New SpainMexico
63%
CalcuttaKolkata
55%
SaigonHo Chi Minh city
53%
DanzigGdansk
52%
La PlataArgentina
32%
KönigsbergKaliningrad
31%
ChristiannaOslo
27%
West IndiesCaribean
9%

Score Distribution

Percentile by Number Answered

Percent of People with Each Score

Your Score History

You have not taken this quiz